Orígenes y arranque de la prueba de Dios en el pensamiento actual (Record no. 421362)
[ view plain ]
| 000 -CABECERA | |
|---|---|
| Campo de control de longitud fija | 00382nab a22001097u 4500 |
| 008 - CÓDIGOS DE INFORMACIÓN DE LONGITUD FIJA | |
| Campo de control de longitud fija | 130520b1966 xxu||||| |||| 00| 0 spa d |
| 041 ## - CÓDIGO DE LENGUA | |
| Código de lengua del texto/banda sonora o título independiente | spa |
| 100 1# - PUNTO DE ACCESO PRINCIPAL-NOMBRE DE PERSONA | |
| Nombre de persona | Martínez Ruiz, Elías |
| 9 (RLIN) | 9151 |
| 245 00 - MENCIÓN DE TÍTULO | |
| Título | Orígenes y arranque de la prueba de Dios en el pensamiento actual |
| Mención de responsabilidad, etc. | Elías Martínez Ruiz |
| 773 0# - ENLACE AL DOCUMENTO FUENTE | |
| Título | Revista de Filosofía |
| Parte(s) relacionada(s) | V.25,1966,págs. 19-86 |
| Número Internacional Normalizado para Publicaciones Seriadas (ISSN) | 0034-8244 |
| Número de control del registro relacionado | Rev390 |
| 942 ## - ENTRADA DE ELEMENTOS AGREGADOS (KOHA) | |
| Koha [por defecto] tipo de item | Artículos de revista |
| Suprimido | Perdido | Estropeado | No para préstamo | Localización permanente | Localización actual | Localización en estantería | Fecha adquisición | Préstamos totales | Fecha última consulta | Fecha del precio de reemplazo | Tipo de item de Koha |
|---|---|---|---|---|---|---|---|---|---|---|---|
| San Esteban | San Esteban | Depósito de revistas | 21/05/2013 | 21/05/2013 | 21/05/2013 | Artículos de revista |
